000 00727nam a2200229 4500
003 OSt
005 20240618014157.0
006 a
008 240618b |||||||| |||| 00| 0 eng d
020 _a9780071324632
040 _aDWCL-Main lib.
_cOC
082 _2Ninth edition
_aCirc. 658.1 S757n 2012
100 _aSpinelli, Stephen Jr
245 _aNew venture creation : entrepreneurship for the 21st century /
250 _aNinth edition
260 _aNew York :
_bMcGraw-Hill/Irwin,
_cc2012.
300 _axx,
_b588 p. : ill. ;
_c27 cm.
504 _aIncludes index.
650 _a1. New business enterprises–Handbooks, manuals, etc.
700 _aStephen Jr Spinelli
942 _2ddc
_n0
_cBK-CIRC
_eNinth edition
_kCirc.
999 _c783
_d783